Mezi literaturou a divadlem /

Hlavní autor: Grossman, Jan, 1925-1993
Další autoři: Šrámek, Petr, 1973-
Jazyk: Čeština
Vydáno: Praha : Torst, 2013
Vydání: Vyd. 1.
Témata:
Fyzický popis: 2 sv. (1334 s.) ; 22 cm
Odebírané svazky: 1-2
Knihy
Uloženo v:
LEADER 02264nam a2200613 aa4500
001 nkc20142577120
003 CZ PrNK
005 20220124170423.0
007 ta
008 140328s2013 xr e 001 0 cze
015 |a cnb002577120 
020 |a 978-80-7215-464-7  |q (sv. 1 ;  |q váz.) 
020 |a 978-80-7215-465-4  |q (sv. 2 ;  |q váz.) 
035 |a (OCoLC)879565632 
040 |a ABA001  |b cze 
043 |a e-xr--- 
045 |a x-x- 
072 7 |a 82-9  |x Literární kritika, věcná literatura a různé další žánry  |2 Konspekt  |9 11 
080 |a 82-95  |2 MRF 
080 |a 792.072.3  |2 MRF 
080 |a 070.4  |2 MRF 
080 |a (437.3)  |2 MRF 
080 |a (046)  |2 MRF 
080 |a (0:82-4)  |2 MRF 
080 |a (048.8)  |2 MRF 
080 |a (081)  |2 MRF 
100 1 |a Grossman, Jan,  |d 1925-1993  |7 jn19981001358  |4 aut 
245 1 0 |a Mezi literaturou a divadlem /  |c Jan Grossman ; [uspořádal, k vydání připravil ... Petr Šrámek] 
250 |a Vyd. 1. 
260 |a Praha :  |b Torst,  |c 2013 
300 |a 2 sv. (1334 s.) ;  |c 22 cm 
500 |a Obsahuje rejstřík 
648 7 |a 20. století  |7 ch460558  |2 czenas 
650 0 7 |a literární kritika  |7 ph115157  |z Česko  |y 20. století  |2 czenas 
650 0 7 |a divadelní kritika  |7 ph119500  |z Česko  |y 20. století  |2 czenas 
650 0 7 |a publicistika  |7 ph124828  |z Česko  |y 20. století  |2 czenas 
650 0 9 |a literary criticism  |z Czechia  |y 20th century  |2 eczenas 
650 0 9 |a dramatic criticism  |z Czechia  |y 20th century  |2 eczenas 
650 0 9 |a publicistic  |z Czechia  |y 20th century  |2 eczenas 
655 7 |a články  |7 fd133976  |2 czenas 
655 7 |a eseje  |7 fd132213  |2 czenas 
655 7 |a studie  |7 fd133597  |2 czenas 
655 7 |a sborníky  |7 fd724345  |2 czenas 
655 9 |a journal articles  |2 eczenas 
655 9 |a essays  |2 eczenas 
655 9 |a studies  |2 eczenas 
655 9 |a collections of works  |2 eczenas 
700 1 |a Šrámek, Petr,  |d 1973-  |7 jo2007399850  |4 edt  |4 com 
910 2 |a BOA001  |b 2-1324.706  |s 1-2 
990 |a BK 
995 |a 01 
991 |b 201405  |c NOV  |e n 
996 6 |b 2610592131  |c 2-1324.706  |d 1. díl  |v 1  |l MZK  |r Sklad / do 1 hodiny  |n 15  |p p.v.  |w 001424764  |u 000010  |a 1  |e BOA001  |j MZK50  |s P 
996 6 |b 2610592132  |c 2-1324.706  |d 2. díl  |v 2  |l MZK  |r Sklad / do 1 hodiny  |n 11  |p p.v.  |w 001424764  |u 000020  |a 1  |e BOA001  |j MZK50  |s P